South Eastern Kenya University

Library Online Public Access Catalogue


The biology of freshwater wetlands / (Record no. 15204)

MARC details
000 -LEADER
fixed length control field 00770cam a2200265 a 4500
001 - CONTROL NUMBER
control field 17045618
003 - CONTROL NUMBER IDENTIFIER
control field OSt
005 - DATE AND TIME OF LATEST TRANSACTION
control field 20160614110418.0
008 - FIXED-LENGTH DATA ELEMENTS--GENERAL INFORMATION
fixed length control field 111115s2012 enkab b 001 0 eng
010 ## - LIBRARY OF CONGRESS CONTROL NUMBER
LC control number 2011943534
020 ## - INTERNATIONAL STANDARD BOOK NUMBER
International Standard Book Number 9780199608959
040 ## - CATALOGING SOURCE
Original cataloging agency SEKU
042 ## - AUTHENTICATION CODE
Authentication code pcc
050 00 - LIBRARY OF CONGRESS CALL NUMBER
Classification number QH 87.3
Item number .V35 2012
100 1# - MAIN ENTRY--PERSONAL NAME
Personal name Valk, Arnoud van der.
245 14 - TITLE STATEMENT
Title The biology of freshwater wetlands /
Statement of responsibility, etc. Arnold G. van der Valk.
250 ## - EDITION STATEMENT
Edition statement 2nd ed.
260 ## - PUBLICATION, DISTRIBUTION, ETC. (IMPRINT)
Place of publication, distribution, etc. Oxford ;
-- New York :
Name of publisher, distributor, etc. Oxford University Press,
Date of publication, distribution, etc. 2012.
300 ## - PHYSICAL DESCRIPTION
Extent xiii, 280 p. :
Other physical details ill., maps ;
Dimensions 24 cm.
440 #0 - SERIES STATEMENT/ADDED ENTRY--TITLE
Title Biology of habitats
504 ## - BIBLIOGRAPHY, ETC. NOTE
Bibliography, etc Includes bibliographical references (p. [259]-274) and index.
650 #0 - SUBJECT ADDED ENTRY--TOPICAL TERM
Topical term or geographic name as entry element Wetlands.
650 #0 - SUBJECT ADDED ENTRY--TOPICAL TERM
Topical term or geographic name as entry element Wetland ecology.
942 ## - ADDED ENTRY ELEMENTS (KOHA)
Source of classification or shelving scheme Library of Congress Classification
Koha item type General circulation
Holdings
Withdrawn status Lost status Source of classification or shelving scheme Damaged status Not for loan Home library Current library Shelving location Date acquired Source of acquisition Total Checkouts Total Renewals Full call number Barcode Date last seen Date last checked out Price effective from Koha item type Public note
    Library of Congress Classification     Main Campus Library Main Campus Library General Stacks 14/06/2016 Donation-books for Africa 3 1 QH 87.3 .V35 2012 2021/021356 28/10/2019 17/10/2019 14/06/2016 General circulation A.K.
Kitui, Kenya.
+254736116989
library@seku.ac.ke